LEADER 01140nam a2200277 a 4500 001 000000133642 003 CaOOAMICUS 005 20130423120722.0 008 130423s2002 nyua u000 u eng r 020 $z0198247044* 040 $aPUL$bita 082 04$a530.1 100 1 $aCartwright, Nancy.$0(OLS)http://pul/name/43653 245 10$aHow the laws of physics lie /$cNancy Cartwright. 260 $aOxford :$bClarendon Press,$c2002$aNew York :$bOxford University Press 300 $a221 p. :$bill. ;$c22 cm. 650 4$aFisica.$0(OLS)http://pul/subject/21828 850 $aPUL 852 $aPUL$W1$xSL Cons. Gen., Altre Classi 3$y75$m530. 1 CARNA 1$j153609$qDDC 21$q $B153174$CPULBib$Z2$F153174 $H122211 $81 941 1 $a9 996 $6020$z0198247044*$9(OLS)http://pul/number/152506 996 $6082$a530.1$9(OLS)http://pul/classification/2404 996 $6245$aHow the laws of physics lie$9(OLS)http://pul/title/168928 996 $6260$aOxford :$bClarendon Press$9(OLS)http://pul/publisher/48412 996 $6260$aNew York :$bOxford University Press$9(OLS)http://pul/publisher/50683 LEADER 01437nam a2200301 u 4500 001 000000080093 003 CaOOAMICUS 005 20070226123617.0 008 040623s2001 gw u000 u ger u 020 $a348711321X 035 $a11001643 040 $aPUL$bita 100 1 $aSeidl, Horst.$0(OLS)http://pul/name/21091 245 10$aSein und Bewusstsein :$bErörterungen zur Erkenntnislehre und Metaphysik in einer Gegenüberstellung von Aristoteles und Kant /$cHorst Seidl. 260 $aHildesheim :$bGeorg Olms,$c2001. 300 $a272 p. ;$c21 cm 490 1 $aPhilosophische Texte und Studien ;$vBd. 61 504 $aBibliografia in nota. 600 04$aAristoteles,$d384-322 a.C.$0(OLS)http://pul/subject/223 600 14$aKant, Immanuel,$d1724-1804.$0(OLS)http://pul/subject/4849 650 4$aMetafisica$xStudi.$0(OLS)http://pul/subject/8506 830 0$aPhilosophische Texte und Studien ;$vBd. 61.$0(OLS)http://pul/title/57446 850 $aPUL 852 $aPUL$W1$xSL Filosofia 3$y81$m121 SEIHO 1$j102340$nBK-PRI$b $qDDC 21$B102340$CPULBib$Z2$F102340 $HPUL84650 $81 941 1 $a9 996 $6020$a348711321X$9(OLS)http://pul/number/105707 996 $6245$aSein und Bewusstsein :$bErörterungen zur Erkenntnislehre und Metaphysik in einer Gegenüberstellung von Aristoteles und Kant$9(OLS)http://pul/title/104915 996 $6260$aHildesheim :$bGeorg Olms$9(OLS)http://pul/publisher/65241